Lexicon arabico-latinum (Record no. 54581)

MARC details
000 -LEADER
campo de control de longitud fija 00825nam a22001935i 4500
001 - NÚMERO DE CONTROL
campo de control 54581
003 - IDENTIFICADOR DE NÚMERO DE CONTROL
campo de control ES-MaACL
005 - FECHA Y HORA DE LA ÚLTIMA TRANSACCIÓN
campo de control 20230906162959.0
007 - CAMPO FIJO DE DESCRIPCIÓN FÍSICA--INFORMACIÓN GENERAL
campo de control de longitud fija t|
008 - DATOS DE LONGITUD FIJA--INFORMACIÓN GENERAL
campo de control de longitud fija 960724m18301837sp ||||1| lat d
040 ## - FUENTE DE CATALOGACIÓN
Centro catalogador/agencia de origen CAM
Lengua de catalogación spa
Centro/agencia transcriptor CAM
100 1# - ENTRADA PRINCIPAL--NOMBRE DE PERSONA
Nombre de persona Freytag, George Wilhelm.
9 (RLIN) 52574
245 10 - MENCIÓN DEL TÍTULO
Título Lexicon arabico-latinum
Resto del título : praesertim ex djeuharii firuzabaddiique et aliorum arabum, operibus adhibitis golii quoque at aliorum libris confectum; index vocum latinarum locupletissimus /
Mención de responsabilidad, etc. Georgii Wilhelmi Freytagii.
260 ## - PUBLICACIÓN, DISTRIBUCIÓN, ETC.
Lugar de publicación, distribución, etc. Halis Saxonum :
Nombre del editor, distribuidor, etc. apud C. A. Schwetschke et filium,
Fecha de publicación, distribución, etc. 1830-1837 (
Fabricante Typis Arabicis Academiae Regiae Berolinensis)
300 ## - DESCRIPCIÓN FÍSICA
Extensión 4 v. ;
Dimensiones 29 cm.
650 14 - PUNTO DE ACCESO ADICIONAL DE MATERIA--TÉRMINO DE MATERIA
Término de materia o nombre geográfico como elemento de entrada Lengua árabe-
Subdivisión de forma Diccionarios-
Subdivisión general Latín.
9 (RLIN) 14093
650 14 - PUNTO DE ACCESO ADICIONAL DE MATERIA--TÉRMINO DE MATERIA
Término de materia o nombre geográfico como elemento de entrada Lengua latina-
Subdivisión de forma Diccionarios-
Subdivisión general Arabe.
9 (RLIN) 14294
852 ## - LOCALIZACIÓN
Ubicación ES-MaACL
Número de control de estantería B-11102-5
Holdings
Estatus retirado Estado de pérdida Estado de daño No para préstamo Colección Biblioteca de origen Biblioteca actual Ubicación en estantería Fecha de adquisición Fuente de adquisición Total de préstamos Signatura topográfica completa Código de barras Visto por última vez Precio de reemplazo Tipo de ítem Koha
        Libros del s. XIX Biblioteca del Ateneo de Madrid Biblioteca del Ateneo de Madrid Sala Pardo Bazán 17/01/2008     B-11102-5 1057353 23/02/2023 23/02/2023 Libro impreso antiguo